Sociología médica /

Tallennettuna:
Bibliografiset tiedot
Päätekijä: Rojas Soriano, Raúl (autor)
Aineistotyyppi: Kirja
Kieli:espanja
Julkaistu: México : Folios, 1985, c1985
Painos:2a edición
Sarja:(El Hombre y su Salud ; 5)
Aiheet:
Tagit: Lisää tagi
Ei tageja, Lisää ensimmäinen tagi!

MARC

LEADER 00000nam^a2200000^a^4500
001 000342904
005 20250521000000.0
009 20260310114605.557
020 |a 968-478-043-5 
037 |a Acervo Xavier Clavigero 
041 |a ESP 
082 |a 306. 461  |b ROJ 
100 |a Rojas Soriano, Raúl  |e (autor) 
245 1 0 |a Sociología médica /  |c R. Rojas Soriano. 
250 |a 2a edición 
264 4 |a México :  |b Folios,  |c 1985, c1985 
300 |a 108 p. 
336 |a texto  |b txt  |2 rdacontenido 
337 |a sin mediación  |b n  |2 rdamedio 
338 |a volumen  |b nc  |2 rdasoporte 
440 4 |a (El Hombre y su Salud ;  |v 5) 
649 |a XX 
650 |a Enfermedades -  |x Aspectos Sociales y Culturales 
650 |a Salud -  |x Aspectos Sociales y Culturales 
650 |a Marxismo 
650 |a Sociología de la Medicina -  |x Tema Principal 
910 |a Fondo General 
920 |a Impresos - Libros 
930 |a Colección General 
905 |a 101 
901 |a 058321  |b IT1  |c ACC  |u 20250521 
902 |a https://opac.biblio.iteso.mx/vufind/Record/000342904